Optimization concepts and applications in engineering. 3rd edition. (Record no. 52734)

MARC details
000 -LEADER
fixed length control field 00851nam a2200205 a 4500
008 - FIXED-LENGTH DATA ELEMENTS--GENERAL INFORMATION
fixed length control field 200623s2019 ||||||||||||||||| || u
020 ## - INTERNATIONAL STANDARD BOOK NUMBER
International Standard Book Number 9781108424882
050 ## - LIBRARY OF CONGRESS CALL NUMBER
Classification number TA 342 Bel
100 ## - MAIN ENTRY--PERSONAL NAME
Personal name Belegundu, Ashok D
245 10 - TITLE STATEMENT
Title Optimization concepts and applications in engineering. 3rd edition.
Statement of responsibility, etc. By Ashok D. Belegundu ; Tirupathi R. Chandrupatla
250 ## - EDITION STATEMENT
Edition statement 3rd edition
260 ## - PUBLICATION, DISTRIBUTION, ETC.
Place of publication, distribution, etc. Cambridge
Name of publisher, distributor, etc. Cambridge University Press
Date of publication, distribution, etc. 2019
300 ## - PHYSICAL DESCRIPTION
Extent xi, 449 pages : illustrations
650 #0 - SUBJECT ADDED ENTRY--TOPICAL TERM
Topical term or geographic name entry element ENGINEERING MATHEMATICS
650 ## - SUBJECT ADDED ENTRY--TOPICAL TERM
Topical term or geographic name entry element ENGINEERING DESIGN--MATHEMATICS
650 ## - SUBJECT ADDED ENTRY--TOPICAL TERM
Topical term or geographic name entry element ENGINEERING--MATHEMATICAL MODELS
650 ## - SUBJECT ADDED ENTRY--TOPICAL TERM
Topical term or geographic name entry element ENGINEERING MODELS
650 ## - SUBJECT ADDED ENTRY--TOPICAL TERM
Topical term or geographic name entry element MATHEMATICAL OPTIMIZATION
995 ## - RECOMMENDATION 995 [LOCAL, UNIMARC FRANCE]
-- 124.04
-- CBU-MAIN LIBRARY (Kitwe)
-- 1
-- AVAILABLE
-- Jul 1, 2020
-- Main Library Open Access Collection
Holdings
Withdrawn status Lost status Source of classification or shelving scheme Damaged status Not for loan Home library Current library Shelving location Date acquired Total Checkouts Full call number Barcode Date last seen Date last checked out Price effective from Koha item type
          CBU-MAIN LIBRARY, KITWE. CBU-MAIN LIBRARY, KITWE.   11/30/2022 7 TA 342 Bel 750361 03/19/2025 01/24/2025 11/30/2022 MONOGRAPH